Quizzes
Events
Quiz Creation
Community
Videos
Private Events
Remove Ads
Sign In
Join for FREE
Feedback
Dark Mode
Quiz Categories
Sports
Geography
Music
Movies
Television
Just For Fun
Miscellaneous
History
Literature
Language
Science
Gaming
Entertainment
Religion
Holiday
For Kids
Quiz Lab
Recent
Popular Today
Quiz Kudos Today
Editor Picks
Curator Picks
Quizzes by...
Day
Popularity
Type
Ratings
Length
Year
Community
Subscriptions
Recent Discussions
Orange Saloon
Badges
Playlists
Quests
Create
Leaderboards
Showdown
Live 5
Trivia Bingo
Activity
Puzzle Library
Sporcle Events
Private Events
Virtual Trivia
Globe League
Become a Host
Pub Owners
SporcleCon
Opinionation
Our Games
Videos
Blog
Mobile Apps
Partnerships
Remove Ads and Go Orange
Feedback
Sports
Athletes
MLB
NBA
NHL
NFL
Soccer
Sports Teams
WWE
NCAA
Football
Premier League
Basketball
Baseball
Hockey
Golf
Tennis
Cricket
Rugby
Auto Racing
Olympics
World Cup
Sports
Athletes
MLB
NBA
NHL
NFL
Soccer
Sports Teams
WWE
NCAA
Football
Premier League
Basketball
Baseball
Hockey
Golf
Tennis
Cricket
Rugby
Auto Racing
Olympics
World Cup
Random Quiz
Search Sporcle
×
Quiz Lab
Quiz Lab
Sports
Football
Type in answers that appear in a list
Type in answers that appear in a list
Classic
Best Score? Go Orange.
New York Mets Team MVP's Stats
Can you name the New York Mets Team MVP's?
By
chisoxfan
6m
50 Questions
281 Plays
281 Plays
281 Plays
Comments
Comments
Give Quiz Kudos
Give Quiz Kudos
-
- Ratings
hide this ad
Replay
Link that replays current quiz
Next Quiz
Link to next quiz in quiz playlist
You Got
0%
They Got
Avg Score
67%
Avg Friend Score
Upgrade to see
Score Distribution
Jump to the score distribution portion of the page
Score
0/50
Timer
06:00
0
Plays Today
Year
Player
% Correct
1970
Tom Seaver
95.3%
2011
Jose Reyes
95%
1971
Tom Seaver
95%
1973
Tom Seaver
94.6%
2007
David Wright
94.3%
2009
Carlos Beltran
93.5%
1975
Tom Seaver
93.2%
1976
Tom Seaver
93.2%
2008
Carlos Beltran
93.2%
1983
Keith Hernandez
92.5%
1984
Keith Hernandez
92.5%
2006
Carlos Beltran
92.5%
1986
Keith Hernandez
92.1%
1968
Tom Seaver
91.8%
1985
Doc Gooden
91.4%
1987
Darryl Strawberry
91.4%
1988
Darryl Strawberry
91.4%
1967
Tom Seaver
91%
1990
Darryl Strawberry
90.7%
2001
Mike Piazza
90%
1993
Doc Gooden
86%
1991
Howard Johnson
82.1%
1989
Howard Johnson
82.1%
1969
Cleon Jones
76.7%
2002
Edgardo Alfonzo
76.7%
Year
Player
% Correct
2000
Edgardo Alfonzo
76.3%
1997
Edgardo Alfonzo
74.9%
1999
Robin Ventura
73.1%
2005
Pedro Martinez
71.3%
1998
John Olerud
70.6%
2004
Al Leiter
67.4%
2010
Angel Pagan
63.4%
1972
Jon Matlack
60.6%
1974
Jon Matlack
60.6%
1982
John Stearns
60.6%
1978
John Stearns
59.1%
1992
Sid Fernandez
52.7%
1979
Lee Mazzilli
50.2%
1994
Bret Saberhagen
50.2%
1996
Bernard Gilkey
48.7%
1962
Roger Craig
48%
1980
Lee Mazzilli
45.5%
2003
Steve Trachsel
39.8%
1995
Jason Isringhausen
21.5%
1977
Lenny Randle
21.1%
1965
Jack Fisher
16.8%
1966
Dennis Ribant
9%
1963
Carl Willey
7.2%
1981
Pete Falcone
6.8%
1964
Galen Cisco
4.3%
Quiz Playlist
Details
Report
Send in Message
Add To Playlist
Classic:
Type in answers that appear in a list
Last Updated: Feb 16, 2017
Quiz Scoreboard
CHALLENGE
Sign Up to Join the Scoreboard
Show All
Scores
Hide
Comments
May contain spoilers
Recently Published
Billboard Blitz: Fleetwood Mac
by CooCooCachoo
Music
15s
Presidents Visiting Landmarks
by Hejman
History
7m
An Introduction to Baseball
by treessimontrees
Sports
5m
More to Explore
Quiz From the Vault
Featured Blog Post
Where Did the Easter Bunny Come From?
hide this ad
You Might Also Like...
Tags
Football Quiz
met
MVP
New York
Player
team
Today's Top Quizzes in Sports
Browse Sports
hide this ad
Today's Top Quizzes in Football
Browse Football
Top Contributed Quizzes in Sports
1
Les meilleurs buteurs des matchs entre le PSG et l’OM
2
2022 World Cup Stars
3
FIFA Club World Cup Champions
4
Les entraîneurs de l'OM et du PSG au 21e siècle
5
Criteria MLB: Left Handed Sluggers
6
Name the Premier League winners with different clubs
7
5-to-1: UK Sports Teams
8
AFC Teams Reveal (Wrong Answers Minefield)
9
Players with Multiple 50 Home Run Seasons
10
5-to-1: FBS Animal Nicknames
Explore More
Trending Topics
NBA
Disney
Anime
Harry Potter
Crossword
Kpop
Marvel
Song
Country
NFL
Puzzle
Pokémon
WWE
Soccer
The Office
hide this ad
More By:
chisoxfan
Quiz
Plays
Rating
Category
Featured
Created
St. Louis Cardinals Team MVP's
885
4.43
Sports
Sep 20, 2011
Toronto Blue Jays Team MVP's
394
2.17
Sports
Sep 18, 2011
New York Yankees Team MVP's
385
2.25
Sports
Aug 20, 2011
Chicago Cubs Team MVP's
334
4.00
Sports
Sep 21, 2011
Atlanta Braves Team MVPs
312
3.25
Sports
Jun 20, 2011
Go to Creator's Profile
Score Distribution
Quiz Creator Spotlight
chisoxfan
Follow
Send a Message
Quizzes Created
-
Created Quiz Play Count
-
More By This Creator
Popular Quizzes Today
1
Find the US States - No Outlines Minefield
2
Find the Countries of Europe - No Outlines Minefield
3
The Countries of the World
4
Find the US States
5
Risky Map Clicking: Biggest States A-Z
6
US States
7
Popular People in 1961
8
Movies - When Are They Set?
More Sports Quizzes
Weakest Link: NBA Players
Quiz Lab
Trending Quizzes
Risky Map Clicking: Least Populous States A-Z
1-10 Letter G Words
1-10 Letter F Words
Risky Map Clicking: Next State Alphabetically
Risky Map Clicking: Biggest States A-Z
Recently Updated
Leaping Animals
pecheneg
Reality TV Shows (A-Z)
bhenderson79
Rickey Henderson's Hall of Fame Teammates
pecheneg
Champions League XIs: Arsenal
pecheneg
Quick Pick: Celebrities in WWE's Hall of Fame
aduchscher
A-Z Keypad Blitz II
pecheneg
Multiple Oscar Actors
pecheneg
Mystery Phrase Blitz: Oscar 'Best Actors'
pecheneg
F. Scott Fitzgerald Novels
LTH
Pick 3 Villains
ddd62291
Trending Topics
Harry Potter
Disney
Anime
Marvel
NBA
Crossword
Kpop
WWE
The Office
Soccer
Pokémon
Country
Song
Puzzle
NFL
Your Account Isn't Verified!
In order to create a playlist on Sporcle, you need to verify the email address you used during registration. Go to your
Sporcle Settings
to finish the process.
Report this User
Report this user for behavior that violates our
Community Guidelines
.
Details:
Send Report
Go to the Sporcle.com Mobile Site →
Comments